Complete the Broadway Song... With a Picture Quiz Stats

 Plays Quiz Updated Mar 5, 2018

Score 0/20 Timer 05:00
5 Plays Today
% Correct
Climb Ev'ry MOUNTAIN
95.8%
All That JAZZ
92.3%
Don't Rain on my PARADE
92.3%
I'm Gonna Wash that Man
Right Outta My HAIR
91.4%
Hello, DOLLY
88.8%
Wicked WITCH of the East
88.7%
Sunrise, SUNSET
85.9%
Everything's Coming
Up ROSES
85.8%
Send in the CLOWNS
84.5%
The Rain in SPAIN
83.4%
% Correct
You’ll Never WALK Alone
81.8%
I WHISTLE a Happy Tune
81.5%
Ol’ Man RIVER
78.5%
Don’t Cry For Me,
ARGENTINA
77.9%
Do You Hear the
PEOPLE Sing?
77.6%
The Schuyler SISTERS
77.4%
The Worst PIES in London
76.2%
One HAND, One Heart
70.3%
My Favorite THINGs
69.9%
We Kiss in a SHADOW
67.8%

You're not logged in!

Compare scores with friends on all Sporcle quizzes.
OR
Log In

You Might Also Like...

Show Comments

Extras

Top Quizzes Today


Score Distribution

Your Account Isn't Verified!

In order to create a playlist on Sporcle, you need to verify the email address you used during registration. Go to your Sporcle Settings to finish the process.

Report this User

Report this user for behavior that violates our Community Guidelines.

Details: